000 00454nam a2200181Ia 4500
001 8565
005 20260306160619.0
008 260306t2015||||xx |||||||||||||| ||spa||
041 _aESP
082 _a371.12
_bM36
100 _aMedina Elizondo, Manuel
_eAUT
245 0 _a20 competencias profesionales para la práctica docente
260 _c2015
300 _a384 páginas :
_c23 cm.
650 _aGEN
654 _aCED
942 _cLIB
_dJUS
_fJUS
_2ddc
_n
999 _c8565
_d8565